| 000 | 00699nam a22002177a 4500 | ||
|---|---|---|---|
| 005 | 20251108163339.0 | ||
| 008 | 250721s1954 xx 000 0 ara d | ||
| 082 | 1 | 4 | _a133.9/فند |
| 100 | 1 | _aفندلاي، ج. آرثر | |
| 245 | 1 | 0 |
_aعلى حافة العالم الأثيري : _bأو الحياة بعد الموت تفسير تفسيراً علمياً / |
| 250 | _aط2 | ||
| 264 | 1 |
_aبيروت : _bدار يوسف، _c1954. |
|
| 300 | _a206 ص : مص | ||
| 650 | 1 | 7 | _aالروحانية |
| 650 | 1 | 7 | _aالروح |
| 650 | 1 | 7 | _aالسحر والتنجيم |
| 650 | 1 | 7 | _aالوفاة |
| 700 | 1 |
_aأبو الخير، أحمد فهمي _eترجمة |
|
| 942 |
_2ddc _cBK |
||
| 999 |
_c404 _d404 |
||